| 000 | 00586nam a22001932 4500 | ||
|---|---|---|---|
| 001 | 0000008503 | ||
| 005 | 20151217154403.0 | ||
| 008 | 080416s xx 000 0 eng d | ||
| 020 |
_a8130902281 : _cKES 2100 |
||
| 040 |
_aKABU _cKABU |
||
| 100 | 1 |
_aKumar, G. Ram. _@0000159115 |
|
| 245 | 1 | 0 |
_aCyber crimes : _ba primer on internet threats and e-mail abuses / _cG. Ram Kumar. |
| 260 |
_aNew Delhi : _bViva Books, _c2006. |
||
| 300 | _axx, 156 p. | ||
| 650 | 0 |
_aComputer crimes. _@0000159116 |
|
| 908 | _a080416 | ||
| 950 | _@1 | ||
| 999 |
_c10957 _d10957 |
||